000 00220 a2200097 4500
001 13617
100 _aPanhwar K M
245 _aShaikh Abdul Majeed Sindhi
260 _aKarachi
_bRoyal Book Co.
_c
090 _c10615
_d10615
942 _aNUST-CAE
_cM
_c687
999 _c248690
_d248690